Normal view
MARC view
- Edit: I. Antoniadis, L. E. Ibanez, J, W. F. Valle
Entry Personal Name
001 - CONTROL NUMBER
- control field: 10358
003 - CONTROL NUMBER IDENTIFIER
- control field: NUST
005 - DATE AND TIME OF LATEST TRANSACTION
- control field: 20180521051157.0
008 - FIXED-LENGTH DATA ELEMENTS
- fixed length control field: 180521|| aca||aabn | a|a d
040 ## - CATALOGING SOURCE
- Original cataloging agency: NUST
- Transcribing agency: NUST
100 ## - HEADING--PERSONAL NAME
- Personal name: Edit: I. Antoniadis, L. E. Ibanez, J, W. F. Valle
670 ## - SOURCE DATA FOUND
- Source citation: Work cat.: (NUST): Edit: I. Antoniadis, L. E. Ibanez, J, W. F. Valle, Beyond The Standard Model , 1998
